000 00889nam a22002295i 4500
001 153330
003 ES-MaACL
005 20230906205157.0
008 040729s1876 gw |||| | eng d
040 _aCAM
_bspa
_cCAM
080 _a821.111-31"18"
100 1 _aCraik, Dinah Maria Mulock (
_d1826-1887)
_9126631
245 1 4 _aThe laurel bush
_b: an old-fashioned love history ; to which is added The two tinkers /
_cby the author of "John Halifax, Gentleman".
260 _aLeipzig :
_bBernhard Tauchnitz,
_c1876.
300 _a288 p. ;
_c16 cm.
490 1 _aCollection of british authors ;
_v1634
594 _aEncabezamiento tomado de la BNF.
700 1 _aCraik, Dinah Maria Mulock.
_tTwo tinkers, The.
_9126635
830 0 _aCollection of british authors ;
_v1634
_9180703
852 _aES-MaACL
_jG-13132
_z-- Enc. hol., conservando la cub. original
999 _c153330
_d153330